Podrobnosti MARC
| 000 -Návěští |
| Řídící pole kódované 24B |
02181nam a2200421 i 4500 |
| 001 - Kontrolní číslo |
| Řídící pole proměnné |
nkc20213347055 |
| 003 - Identifikátor kontrolního čísla |
| Řídící pole proměnné |
CZ PrSKC |
| 005 - Datum posledního zpracování |
| Řídící pole 16B |
20250423101604.0 |
| 007 - Pole pevné délky pro fyzický popis |
| Řídící pole kódované |
ta |
| 008 - Údaje pevné délky |
| Řídící pole kódované 40B |
210816s2021 xr c e 000 0dcze |
| 020 ## - ISBN |
| ISBN |
9788024946313 |
| 040 ## - Zdroj katalogizace-agentura |
| Agentura původní katalogizace |
OLA001 |
| Jazyk katalogizace |
cze |
| Agentura upravující záznam |
ABA001 |
| -- |
OLA001 |
| Použitá pravidla popisu |
rda |
| 072 #7 - Kód předmětové kategorie - Konspekt |
| Předmětová kategorie |
78.07 |
| Zpřesnění předmětové kategorie |
Hudebníci, skladatelé a jiná hudební povolání |
| Zdroj předmětové klasifikace |
Konspekt |
| 080 ## - MDT |
| Klasifikační znak MDT |
78.071.2 |
| Idetifikátor vydání MDT |
MRF |
| 080 ## - MDT |
| Klasifikační znak MDT |
792.5 |
| Idetifikátor vydání MDT |
MRF |
| 080 ## - MDT |
| Klasifikační znak MDT |
78.03 |
| Idetifikátor vydání MDT |
MRF |
| 080 ## - MDT |
| Klasifikační znak MDT |
(437.3) |
| Idetifikátor vydání MDT |
MRF |
| 080 ## - MDT |
| Klasifikační znak MDT |
(047.53) |
| Idetifikátor vydání MDT |
MRF |
| 100 1# - Hlavní záhlaví - osobní jméno autora |
| Osobní jméno |
Plachetka, Adam, |
| Datumy související se jménem |
1985- |
| Kód role |
aut |
| 9 (RLIN) |
19310 |
| 245 10 - Údaje o názvu |
| Název |
To je klasika! : |
| Další údaje o názvu |
nevážné rozmluvy o vážné hudbě / |
| Údaj o odpovědností, atd. |
Adam Plachetka, Vojtěch Babka |
| 250 ## - Údaje o vydání |
| Označení vydání |
Vydání první |
| 264 #1 - Nakladatelské údaje |
| Místo vydání |
Praha : |
| Nakladatel |
Ikar, |
| Rok vydání |
2021 |
| 300 ## - Fyzický popis |
| Rozsah |
159 stran : |
| další fyzické údaje |
portréty (převážně barevné) ; |
| Rozměry |
19 cm |
| 520 2# - Anotace |
| Anotace, atd. |
Soubor čtrnácti neformálních rozhovorů operního pěvce Adama Plachetky s hudebním redaktorem Vojtěchem Babkou. |
| Rozšířený text anotace |
Dlouholetý rozhlasový redaktor Vojtěch Babka se s Adamem Plachetkou potkal zkraje 21. století na Pražské konzervatoři. Oba tam tehdy studovali zpěv u Luďka Löbla. Svoje společné rozpravy proto zahájili vzpomínáním na školní léta. Další témata jejich rozhovorů se týkají operního repertoáru, historicky poučené interpretace, současnýh trendů v operní režii, o práci na jevišti, o vztahu textu a hudby, o hereckém aspektu operních rolí či o vztahu s publikem. Dojde i na debatu o trémě, sebekázni či vzpomínání na Plachetkovo angažmá ve Vídni v pouhých pětadvaceti letech. |
| 600 17 - Vedlejší věcné záhlaví - osobní jméno |
| Osobní jméno |
Plachetka, Adam, |
| Datumy související se jménem |
1985- |
| Zdroj záhlaví nebo termínu |
czenas |
| 9 (RLIN) |
19311 |
| 648 #7 - Vedlejší věcné záhlaví - chronologický termín |
| Chronologický termín |
21. století |
| Zdroj záhlaví nebo termínu |
czenas |
| -- |
395 |
| 650 07 - Vedlejší věcné záhlaví - věcné téma |
| Věcné téma |
operní zpěváci |
| Geografické zpřesnění |
Česko |
| Chronologické zpřesnění |
21. století |
| Zdroj záhlaví nebo termínu |
czenas |
| 9 (RLIN) |
19312 |
| 650 07 - Vedlejší věcné záhlaví - věcné téma |
| Věcné téma |
hudební divadlo |
| Chronologické zpřesnění |
21. století |
| Zdroj záhlaví nebo termínu |
czenas |
| 9 (RLIN) |
19313 |
| 650 07 - Vedlejší věcné záhlaví - věcné téma |
| Věcné téma |
vážná hudba |
| Zdroj záhlaví nebo termínu |
czenas |
| 9 (RLIN) |
19314 |
| 650 09 - Vedlejší věcné záhlaví - věcné téma |
| Věcné téma |
opera singers |
| Geografické zpřesnění |
Czechia |
| Chronologické zpřesnění |
21st century |
| Zdroj záhlaví nebo termínu |
eczenas |
| 9 (RLIN) |
19315 |
| 650 09 - Vedlejší věcné záhlaví - věcné téma |
| Věcné téma |
music theater |
| Chronologické zpřesnění |
21st century |
| Zdroj záhlaví nebo termínu |
eczenas |
| 9 (RLIN) |
19316 |
| 650 09 - Vedlejší věcné záhlaví - věcné téma |
| Věcné téma |
classical music |
| Zdroj záhlaví nebo termínu |
eczenas |
| 9 (RLIN) |
19317 |
| 655 #7 - Rejstříkový termín - žánr/forma |
| Žánr/forma či základní termín |
rozhovory |
| -- |
825 |
| 655 #9 - Rejstříkový termín - žánr/forma |
| Žánr/forma či základní termín |
interviews |
| -- |
826 |
| 700 1# - Vedlejší záhlaví - osobní jméno autora |
| Osobní jméno |
Babka, Vojtěch, |
| Datumy související se jménem |
1975- |
| Kód role |
aut |
| 9 (RLIN) |
19318 |
| 910 ## - Údaje o vlastníkovi jednotky (exempláře) |
| Sigla vlastníka jednotky |
ABG508 |